[Event "Karlsruhe Grenke op"]
[Site "Karlsruhe"]
[Date "2024.03.29"]
[Round "2"]
[White "Pultinevicius, Paulius"]
[Black "Reviczki, Roland"]
[Result "1-0"]
[WhiteElo "2575"]
[BlackElo "2238"]
[PlyCount "47"]
[EventDate "2024.03.28"]
[EventType "swiss"]
[EventRounds "9"]
[EventCountry "GER"]
[SourceTitle "CB14_2024"]
[SourceDate "2024.04.01"]
[SourceVersion "1"]
[SourceVersionDate "2024.04.01"]
[SourceQuality "1"]

1. d4 Nf6 2. Bg5 c5 3. Bxf6 gxf6 4. d5 Qb6 5. Qc1 f5 6. c4 Bg7 7. Nc3 d6 8. e3 Nd7 9. Qc2 Ne5 10. Nh3 Bd7 11. Be2 0-0-0 12. 0-0 Ng4 13. a3 e5 14. Bxg4 fxg4 15. Ng5 Rdf8 16. b4 h6 17. Nge4 f5 18. bxc5 dxc5 19. Rab1 Qc7 20. d6 Qa5 21. Ng3 e4 22. Nd5 h5 23. Ne7+ Kb8 24. Ngxf5 1-0

[Event "Arad op 16th"]
[Site "Arad"]
[Date "2023.08.10"]
[Round "5"]
[White "Reviczki, Roland"]
[Black "Ardelean, George Catalin"]
[Result "1/2-1/2"]
[WhiteElo "2204"]
[BlackElo "2447"]
[PlyCount "69"]
[EventDate "2023.08.07"]
[EventType "swiss"]
[EventRounds "9"]
[EventCountry "ROU"]
[SourceTitle "EXT 2024"]
[Source "ChessBase"]
[SourceDate "2023.10.10"]
[SourceVersion "1"]
[SourceVersionDate "2023.10.10"]
[SourceQuality "1"]

1. e4 e5 2. Nf3 Nc6 3. Bb5 a6 4. Ba4 Nge7 5. 0-0 Ng6 6. c3 d5 7. d4 dxe4 8. Nxe5 Ngxe5 9. dxe5 Qxd1 10. Rxd1 Bd7 11. Bf4 Nxe5 12. Bxd7+ Nxd7 13. Nd2 Nc5 14. Bxc7 Rc8 15. Bb6 f5 16. Bxc5 Bxc5 17. Nb3 Be7 18. Rd5 g6 19. Rad1 Kf7 20. g4 Ke6 21. f4 exf3 22. gxf5+ gxf5 23. Ra5 Rhg8+ 24. Kf2 Rg2+ 25. Kxf3 Rxb2 26. Nd4+ Kf7 27. Rxf5+ Ke8 28. Rg1 Rxc3+ 29. Ke4 Rc5 30. Rg8+ Kd7 31. Rg7 Rxf5 32. Nxf5 Kd8 33. Rg8+ Kd7 34. Rg7 Kd8 35. Rg8+ 1/2-1/2

[Event "HUN-ch Rapid"]
[Site "Ajka"]
[Date "2023.07.23"]
[Round "10"]
[White "Papp, Gabor"]
[Black "Reviczki, Roland"]
[Result "1-0"]
[WhiteElo "2558"]
[BlackElo "2204"]
[PlyCount "63"]
[EventDate "2023.07.21"]
[EventType "swiss (rapid)"]
[EventRounds "13"]
[EventCountry "HUN"]
[SourceTitle "CBM 215 Extra"]
[Source "ChessBase"]
[SourceDate "2023.09.30"]
[SourceVersion "1"]
[SourceVersionDate "2023.09.30"]
[SourceQuality "1"]

1. e4 c5 2. Nf3 Nc6 3. Bb5 g6 4. Bxc6 dxc6 5. d3 Bg7 6. h3 Nf6 7. Nc3 Nd7 8. Be3 e5 9. Qd2 Qe7 10. Bh6 Bxh6 11. Qxh6 f6 12. 0-0 Nf8 13. Nh4 Bd7 14. f4 0-0-0 15. fxe5 Qxe5 16. Qg7 Qd4+ 17. Kh1 f5 18. Qh6 fxe4 19. Nxe4 Ne6 20. b3 Rdf8 21. Qd2 b6 22. a4 a5 23. Nf3 Qd5 24. Rae1 Nd4 25. Nxd4 cxd4 26. b4 Kc7 27. bxa5 Qxa5 28. Qh6 Bf5 29. Qg7+ Kb8 30. Nd6 Qa7 31. Re7 Qxa4 32. Re8+ 1-0

[Event "HUN-ch Rapid"]
[Site "Ajka"]
[Date "2023.07.22"]
[Round "7"]
[White "Reviczki, Roland"]
[Black "Csonka, Balazs"]
[Result "0-1"]
[WhiteElo "2204"]
[BlackElo "2497"]
[PlyCount "158"]
[EventDate "2023.07.21"]
[EventType "swiss (rapid)"]
[EventRounds "13"]
[EventCountry "HUN"]
[SourceTitle "CBM 215 Extra"]
[Source "ChessBase"]
[SourceDate "2023.09.30"]
[SourceVersion "1"]
[SourceVersionDate "2023.09.30"]
[SourceQuality "1"]

1. e4 e5 2. Nf3 Nc6 3. Bb5 a6 4. Ba4 Nf6 5. 0-0 Be7 6. Re1 b5 7. Bb3 d6 8. c3 0-0 9. h3 Re8 10. d4 Bb7 11. Ng5 Rf8 12. Nf3 Re8 13. Ng5 Rf8 14. Nf3 Nd7 15. a4 Bf6 16. d5 Ne7 17. Nh2 Ng6 18. Qg4 Nc5 19. Bc2 c6 20. dxc6 Bxc6 21. axb5 axb5 22. Rxa8 Qxa8 23. Na3 Rb8 24. Nf1 b4 25. Nc4 d5 26. exd5 Bxd5 27. Nfe3 Be6 28. Bf5 bxc3 29. bxc3 Nf4 30. Bxe6 Ncxe6 31. Rd1 g6 32. Rd2 Rb1 33. Rc2 Qa1 34. Kh2 Rxc1 35. Rxc1 Qxc1 36. g3 h5 37. Qf3 e4 38. Qxe4 Ne2 39. Qg2 Qxc3 40. Nd6 Be5 41. Nxf7 Kxf7 42. Qf3+ N2f4 43. gxf4 Bxf4+ 44. Kg2 Kg7 45. Nf5+ Kf6 46. Qxc3+ Kxf5 47. Qd3+ Kf6 48. Qd7 Be5 49. Qc8 Kf7 50. Kf3 Ng5+ 51. Ke3 Ne6 52. Ke4 Bf6 53. Kd5 Ng7 54. Qd7+ Kg8 55. Kd6 Kh7 56. Qa4 Kh6 57. Kd7 Kh7 58. Qf4 Bb2 59. Ke7 Nf5+ 60. Kf7 Nh6+ 61. Kf8 Bg7+ 62. Ke8 Nf5 63. Qg5 Nd6+ 64. Ke7 Nf5+ 65. Ke6 Nh6 66. Qd8 Nf5 67. Qa8 Nh6 68. Qa7 Nf5 69. Kd5 Nh6 70. Ke4 Nf5 71. Kf4 Kh6 72. Qf7 Bd4 73. Qf8+ Bg7 74. Qd8 Bd4 75. Qg5+ Kg7 76. Qg2 Bf6 77. Qb7+ Kh6 78. Qa7 Bd4 79. f3 Bxa7 0-1

[Event "HUN-ch U20"]
[Site "Budapest"]
[Date "2023.02.23"]
[Round "5"]
[White "Pasztor, Balazs"]
[Black "Reviczki, Roland"]
[Result "1/2-1/2"]
[WhiteElo "2377"]
[BlackElo "2220"]
[PlyCount "116"]
[EventDate "2023.02.20"]
[EventType "swiss"]
[EventRounds "7"]
[EventCountry "HUN"]
[SourceTitle "CBM 212 Extra"]
[Source "ChessBase"]
[SourceDate "2023.03.31"]
[SourceVersion "1"]
[SourceVersionDate "2023.03.31"]
[SourceQuality "1"]

1. e4 c5 2. Nf3 Nc6 3. Bb5 e5 4. 0-0 Bd6 5. d3 Nf6 6. Nc3 0-0 7. a4 a6 8. Bc4 Be7 9. Nd5 d6 10. c3 Nxd5 11. Bxd5 Be6 12. Re1 Qd7 13. Qb3 Na5 14. Qa2 Rac8 15. Be3 c4 16. Bb6 Nb3 17. Rad1 Bxd5 18. exd5 Nc5 19. Bxc5 Rxc5 20. dxc4 Rfc8 21. Nd2 h6 22. b3 R5c7 23. g3 b5 24. axb5 axb5 25. Qa5 Bg5 26. Ne4 bxc4 27. b4 f5 28. Nxg5 hxg5 29. Qb6 f4 30. f3 fxg3 31. hxg3 Qh3 32. Qf2 g4 33. Re4 gxf3 34. Qxf3 Rf8 35. Qg4 Qxg4 36. Rxg4 Rf3 37. Rc1 Rd3 38. Kf2 Rxd5 39. Ke2 Rb5 40. Rf1 d5 41. Ke3 Rf7 42. Ra1 Rb8 43. Rd1 Rb5 44. Ra1 Re7 45. Ra8+ Kf7 46. Ra6 Rbb7 47. Rd6 Rbd7 48. Rc6 d4+ 49. Kd2 e4 50. Rf4+ Kg8 51. Rc8+ Kh7 52. Rh4+ Kg6 53. Rc6+ Kg5 54. Rc5+ Kg6 55. Rc6+ Kf7 56. Rf4+ Kg8 57. Rc8+ Kh7 58. Rh4+ Kg6 1/2-1/2

[Event "HUN-chT 2223"]
[Site "Hungary"]
[Date "2022.12.04"]
[Round "2.12"]
[White "Reviczki, Roland"]
[Black "Bernath, Bence"]
[Result "1/2-1/2"]
[WhiteElo "2161"]
[BlackElo "2116"]
[PlyCount "67"]
[EventDate "2022.11.20"]
[EventType "team-tourn"]
[EventRounds "9"]
[EventCountry "HUN"]
[SourceTitle "CBM 211 Extra"]
[Source "ChessBase"]
[SourceDate "2023.01.31"]
[SourceVersion "1"]
[SourceVersionDate "2023.01.31"]
[SourceQuality "1"]
[WhiteTeam "Mako Duocor"]
[BlackTeam "Paks"]
[WhiteTeamCountry "HUN"]
[BlackTeamCountry "HUN"]

1. e4 e5 2. Nf3 Nc6 3. Bb5 a6 4. Ba4 d6 5. 0-0 Bg4 6. h3 h5 7. d4 b5 8. Bb3 Nxd4 9. hxg4 Nxb3 10. axb3 hxg4 11. Ng5 Qd7 12. Qd3 c6 13. c4 Rb8 14. Rxa6 f6 15. c5 fxg5 16. cxd6 Bxd6 17. Rd1 Rd8 18. Bxg5 Nf6 19. Nc3 Qb7 20. Nxb5 Qxb5 21. Qxb5 cxb5 22. Raxd6 Rxd6 23. Rxd6 Kf7 24. Bxf6 gxf6 25. Rb6 Rd8 26. Rxb5 Rd4 27. f3 gxf3 28. gxf3 Rd2 29. b4 Rxb2 30. Rb8 Kg6 31. b5 Kg5 32. Rb6 f5 33. exf5 Kxf5 34. Rb8 1/2-1/2

[Event "HUN-ch Rapid"]
[Site "Ajka"]
[Date "2022.07.17"]
[Round "12"]
[White "Reviczki, Roland"]
[Black "Udvardi, Zalan"]
[Result "0-1"]
[WhiteElo "2160"]
[BlackElo "2310"]
[PlyCount "80"]
[EventDate "2022.07.15"]
[EventType "swiss (rapid)"]
[EventRounds "13"]
[EventCountry "HUN"]
[SourceTitle "CBM 209 Extra"]
[Source "ChessBase"]
[SourceDate "2022.09.30"]
[SourceVersion "1"]
[SourceVersionDate "2022.09.30"]
[SourceQuality "1"]

1. e4 c5 2. Nf3 e6 3. d4 cxd4 4. Nxd4 Nf6 5. Nc3 Nc6 6. Ndb5 Bc5 7. Bf4 0-0 8. Bc7 Qe7 9. Bd6 Bxd6 10. Qxd6 Qd8 11. 0-0-0 a6 12. Nd4 Na5 13. Be2 b5 14. Rd2 Bb7 15. f3 Rc8 16. Rhd1 Ne8 17. Qb4 d6 18. a4 Nc4 19. Bxc4 Rxc4 20. Qb3 Qa5 21. axb5 axb5 22. Ndxb5 Rb4 23. Qa3 Rxb5 24. Nxb5 Qxb5 25. Rd3 Bc6 26. b3 f5 27. c4 Qb6 28. exf5 Rxf5 29. Qb2 Ra5 30. Re1 Qa7 31. Kb1 e5 32. h4 Bd7 33. g4 h5 34. b4 Ra4 35. c5 hxg4 36. fxg4 Bxg4 37. Qb3+ Kh8 38. Rde3 dxc5 39. bxc5 Qa5 40. Kc1 Ra1+ 0-1

[Event "HUN-chT U18"]
[Site "Budapest"]
[Date "2021.10.26"]
[Round "4.25"]
[White "Reviczki, Roland"]
[Black "Juhasz, Judit"]
[Result "0-1"]
[WhiteElo "2096"]
[BlackElo "2047"]
[PlyCount "58"]
[EventDate "2021.10.24"]
[EventType "team-tourn"]
[EventRounds "7"]
[EventCountry "HUN"]
[SourceTitle "CBM 205 Extra"]
[Source "ChessBase"]
[SourceDate "2022.01.31"]
[SourceVersion "1"]
[SourceVersionDate "2022.01.31"]
[SourceQuality "1"]

1. e4 c5 2. Nf3 Nc6 3. d4 cxd4 4. Nxd4 Qb6 5. Nb3 Nf6 6. Nc3 e6 7. Qe2 Bb4 8. Bd2 0-0 9. a3 Be7 10. 0-0-0 d5 11. exd5 Nxd5 12. Nxd5 exd5 13. Be3 Qc7 14. g3 Be6 15. Bg2 Rfd8 16. Nd4 Nxd4 17. Bxd4 Rac8 18. Rd2 Qa5 19. f4 Rc4 20. Re1 Bb4 21. c3 Bxa3 22. Qe5 Bf8 23. Bf1 Ra4 24. Kc2 Re8 25. Re3 Ra1 26. Bh3 Qa4+ 27. Kd3 Bxh3 28. Qxe8 Bf1+ 29. Rde2 Rd1# 0-1

[Event "HUN-chT U18"]
[Site "Budapest"]
[Date "2021.10.25"]
[Round "2.13"]
[White "Reviczki, Roland"]
[Black "Karacsonyi, Gellert"]
[Result "0-1"]
[WhiteElo "2096"]
[BlackElo "2359"]
[PlyCount "134"]
[EventDate "2021.10.24"]
[EventType "team-tourn"]
[EventRounds "7"]
[EventCountry "HUN"]
[SourceTitle "CBM 205 Extra"]
[Source "ChessBase"]
[SourceDate "2022.01.31"]
[SourceVersion "1"]
[SourceVersionDate "2022.01.31"]
[SourceQuality "1"]

1. e4 c5 2. Nf3 Nc6 3. d4 cxd4 4. Nxd4 g6 5. Nc3 Bg7 6. Be3 Nf6 7. Bc4 0-0 8. Bb3 d5 9. exd5 Na5 10. Nde2 Nxb3 11. axb3 b6 12. 0-0 Bb7 13. d6 exd6 14. Nb5 Nd5 15. Bd4 Qg5 16. h4 Qg4 17. f3 Qd7 18. Bxg7 Kxg7 19. Nec3 Nxc3 20. Qd4+ Kg8 21. Nxc3 Qf5 22. Rf2 Rfd8 23. Rd2 Rd7 24. Nd1 Re7 25. Ne3 Qe5 26. Kf2 Bc6 27. Nc4 Qh2 28. Qg4 d5 29. Ne3 Rae8 30. Nf5 Re5 31. Nd4 Bd7 32. Qg3 Qxg3+ 33. Kxg3 a5 34. Kf2 Kg7 35. Re2 f6 36. b4 Ra8 37. bxa5 bxa5 38. c3 Kf7 39. Rd2 Ree8 40. Nb3 a4 41. Nc5 Bc6 42. Nd3 Bb5 43. Nb4 Bc4 44. Nc2 Ke6 45. Re1+ Kd6 46. Rxe8 Rxe8 47. Ne3 Kc5 48. f4 Ra8 49. Ng4 Ra6 50. g3 a3 51. bxa3 h5 52. Nh6 Rxa3 53. Rc2 Bd3 54. Rc1 Kc4 55. Ng8 Ra2+ 56. Ke3 Re2+ 57. Kf3 Re6 58. Nh6 Kb3 59. g4 Kb2 60. Rg1 Kxc3 61. gxh5 gxh5 62. f5 Rd6 63. Rg6 d4 64. Kf4 Bc4 65. Ng8 Bxg8 66. Rxg8 d3 67. Rc8+ Kd4 0-1

[Event "HUN-chT 2122"]
[Site "Hungary"]
[Date "2021.10.10"]
[Round "1.12"]
[White "Balint, Vilmos"]
[Black "Reviczki, Roland"]
[Result "1-0"]
[WhiteElo "2292"]
[BlackElo "2117"]
[PlyCount "125"]
[EventDate "2021.10.10"]
[EventType "team-tourn"]
[EventRounds "9"]
[EventCountry "HUN"]
[SourceTitle "EXT 2023"]
[Source "ChessBase"]
[SourceDate "2022.10.05"]
[SourceVersion "1"]
[SourceVersionDate "2022.10.05"]
[SourceQuality "1"]
[WhiteTeam "Dunaharaszti"]
[BlackTeam "Mako Duocor"]
[WhiteTeamCountry "HUN"]
[BlackTeamCountry "HUN"]

1. d4 Nf6 2. Bf4 g6 3. Nc3 d5 4. e3 Bg7 5. Nb5 Na6 6. Be2 c6 7. Na3 Nc7 8. Nf3 0-0 9. 0-0 Bg4 10. c4 dxc4 11. Nxc4 Ncd5 12. Be5 Ne4 13. Qc2 Bxf3 14. Bxf3 Bxe5 15. Nxe5 Nef6 16. e4 Nb6 17. Rfd1 Rc8 18. Qb3 Qc7 19. Rac1 e6 20. h4 h6 21. Qe3 Kg7 22. b4 Qe7 23. Nd3 Nbd7 24. g3 Rfe8 25. Kg2 e5 26. dxe5 Nxe5 27. Nxe5 Qxe5 28. Qxa7 Ra8 29. Qxb7 Rxa2 30. Qxc6 Nxe4 31. Rc2 Rxc2 32. Qxc2 Nf6 33. Rb1 Rb8 34. Bc6 Nd5 35. b5 Ne7 36. Rd1 Rc8 37. Rc1 Nxc6 38. bxc6 Qd5+ 39. Kh2 Kh7 40. c7 Qb7 41. h5 Qb6 42. hxg6+ fxg6 43. Kg1 Qd6 44. Qc4 Qd7 45. Qb5 h5 46. Rc4 Qd1+ 47. Kg2 Qd7 48. Qe5 Kg8 49. Qc3 Kh7 50. Qc2 Kg7 51. Rc6 Qf7 52. Qd3 Qe8 53. Rxg6+ Qxg6 54. Qd7+ Qf7 55. Qxc8 Qd5+ 56. Kh2 Qf3 57. Qd7+ Kg6 58. Qe8+ Kg7 59. Qe7+ Kg6 60. Qe3 Qc6 61. Qd3+ Kg7 62. Qd8 Qf3 63. Qd4+ 1-0

[Event "Budapest Vezerkepzo GM Mix"]
[Site "Budapest"]
[Date "2021.06.29"]
[Round "8"]
[White "Murphy, Conor"]
[Black "Reviczki, Roland"]
[Result "1-0"]
[WhiteElo "2394"]
[BlackElo "2104"]
[PlyCount "77"]
[EventDate "2021.06.24"]
[EventType "swiss"]
[EventRounds "10"]
[EventCountry "HUN"]
[SourceTitle "CBM 203 Extra"]
[Source "ChessBase"]
[SourceDate "2021.09.30"]
[SourceVersion "1"]
[SourceVersionDate "2021.09.30"]
[SourceQuality "1"]

1. e4 c5 2. Nf3 Nc6 3. Bb5 g6 4. 0-0 Bg7 5. c3 Nf6 6. Re1 0-0 7. d4 d5 8. e5 Ne4 9. Bxc6 bxc6 10. Be3 cxd4 11. cxd4 f6 12. Nbd2 Nxd2 13. Qxd2 Bg4 14. exf6 exf6 15. Bh6 Bxf3 16. gxf3 Bxh6 17. Qxh6 Qd7 18. Kg2 Rae8 19. b4 Rxe1 20. Rxe1 Re8 21. Rc1 Re6 22. Rc5 Rd6 23. Qc1 Qe6 24. Ra5 Rd7 25. Qc5 Qf5 26. Qxc6 Kg7 27. Qc1 g5 28. Qe3 Kh6 29. Ra6 Kg7 30. Qe6 Qxe6 31. Rxe6 Kg6 32. b5 Kf5 33. Rc6 h5 34. h3 Re7 35. a4 Re6 36. Rxe6 Kxe6 37. f4 Kd6 38. fxg5 fxg5 39. a5 1-0

[Event "Budapest Vezerkepzo GM Mix"]
[Site "Budapest"]
[Date "2021.06.29"]
[Round "7"]
[White "Reviczki, Roland"]
[Black "Ilincic, Zlatko"]
[Result "0-1"]
[WhiteElo "2104"]
[BlackElo "2383"]
[PlyCount "50"]
[EventDate "2021.06.24"]
[EventType "swiss"]
[EventRounds "10"]
[EventCountry "HUN"]
[SourceTitle "CBM 203 Extra"]
[Source "ChessBase"]
[SourceDate "2021.09.30"]
[SourceVersion "1"]
[SourceVersionDate "2021.09.30"]
[SourceQuality "1"]

1. e4 c5 2. Nf3 d6 3. d4 cxd4 4. Nxd4 Nf6 5. Nc3 a6 6. f3 h5 7. Be3 e6 8. Qd2 Nbd7 9. 0-0-0 b5 10. g3 Bb7 11. Bh3 b4 12. Nce2 d5 13. Bxe6 fxe6 14. Nxe6 Qa5 15. Nxf8 Rxf8 16. Nf4 dxe4 17. Ne6 Rf7 18. Qd6 Rc8 19. Bf4 Nd5 20. Rhe1 b3 21. axb3 Rc6 22. Rxd5 Qxe1+ 23. Rd1 Rxd6 24. Nc7+ Kd8 25. Rxe1 Rxf4 0-1

[Event "Budapest Vezerkepzo GM Mix"]
[Site "Budapest"]
[Date "2021.06.28"]
[Round "6"]
[White "Royal, Shreyas"]
[Black "Reviczki, Roland"]
[Result "1/2-1/2"]
[WhiteElo "2121"]
[BlackElo "2104"]
[PlyCount "116"]
[EventDate "2021.06.24"]
[EventType "swiss"]
[EventRounds "10"]
[EventCountry "HUN"]
[SourceTitle "CBM 203 Extra"]
[Source "ChessBase"]
[SourceDate "2021.09.30"]
[SourceVersion "1"]
[SourceVersionDate "2021.09.30"]
[SourceQuality "1"]

1. d4 Nf6 2. c4 g6 3. Nc3 Bg7 4. e4 d6 5. Nge2 0-0 6. Ng3 e5 7. d5 a5 8. Be2 Na6 9. h4 h5 10. Bg5 Qe8 11. Qd2 Nc5 12. f3 Nh7 13. Be3 f5 14. exf5 gxf5 15. f4 Nf6 16. fxe5 Qxe5 17. Bf4 Nd3+ 18. Qxd3 Qxf4 19. Nxh5 Nxh5 20. Bxh5 Bd4 21. Kd1 Qf2 22. Qd2 f4 23. Qxf2 Bxf2 24. Ke2 Bb6 25. Kf3 Kh7 26. Ne4 Kh6 27. Bg4 Bxg4+ 28. Kxg4 Bd4 29. Rhf1 Be5 30. Rae1 a4 31. Re2 b6 32. Rf3 Rg8+ 33. Kh3 Kh5 34. g3 fxg3 35. Nf6+ Bxf6 36. Rxf6 Raf8 37. Rxf8 Rxf8 38. Kxg3 Rg8+ 39. Kh3 Rg4 40. b3 Rxh4+ 41. Kg3 Rd4 42. Re7 Rd2 43. Rxc7 Rxa2 44. bxa4 Kg5 45. Kf3 Rxa4 46. Ke3 Kf5 47. Kd3 b5 48. cxb5 Rb4 49. Re7 Rxb5 50. Kc4 Rc5+ 51. Kd4 Rc1 52. Rf7+ Kg6 53. Rd7 Kf6 54. Rxd6+ Ke7 55. Re6+ Kd7 56. Re3 Kd6 57. Ra3 Rd1+ 58. Ke4 Re1+ 1/2-1/2

[Event "Budapest Vezerkepzo GM Mix"]
[Site "Budapest"]
[Date "2021.06.27"]
[Round "5"]
[White "Reviczki, Roland"]
[Black "Juhasz, Agoston Botond"]
[Result "0-1"]
[WhiteElo "2104"]
[BlackElo "2362"]
[PlyCount "82"]
[EventDate "2021.06.24"]
[EventType "swiss"]
[EventRounds "10"]
[EventCountry "HUN"]
[SourceTitle "CBM 203 Extra"]
[Source "ChessBase"]
[SourceDate "2021.09.30"]
[SourceVersion "1"]
[SourceVersionDate "2021.09.30"]
[SourceQuality "1"]

1. e4 c6 2. Nc3 d5 3. Nf3 Nf6 4. e5 Ne4 5. Ne2 Qb6 6. d4 e6 7. Ng3 c5 8. Bd3 Nxg3 9. fxg3 cxd4 10. 0-0 Nc6 11. Qe2 h6 12. a3 Bd7 13. b4 Be7 14. Bb2 0-0-0 15. b5 Na5 16. Bxd4 Bc5 17. Bxc5 Qxc5+ 18. Kh1 Kb8 19. Nd2 Rhf8 20. Rf4 f5 21. exf6 Qc3 22. Raf1 gxf6 23. Nb1 Qb2 24. Qd2 b6 25. Rb4 Qe5 26. Qxh6 Ka8 27. Qg7 Nc4 28. a4 Bc8 29. a5 bxa5 30. Ra4 Bb7 31. Na3 Ne3 32. Re1 d4 33. Rxa5 Rg8 34. Qh7 Bxg2+ 35. Kg1 Bb7 36. Kf2 Qf4+ 37. Ke2 Bf3+ 38. Kf2 Bd1+ 39. Kg1 Rxg3+ 40. hxg3 Qxg3+ 41. Kh1 Bf3# 0-1

[Event "Budapest Vezerkepzo GM Mix"]
[Site "Budapest"]
[Date "2021.06.26"]
[Round "3"]
[White "Mendonca, Leon Luke"]
[Black "Reviczki, Roland"]
[Result "1-0"]
[WhiteElo "2549"]
[BlackElo "2104"]
[PlyCount "55"]
[EventDate "2021.06.24"]
[EventType "swiss"]
[EventRounds "10"]
[EventCountry "HUN"]
[SourceTitle "CBM 203 Extra"]
[Source "ChessBase"]
[SourceDate "2021.09.30"]
[SourceVersion "1"]
[SourceVersionDate "2021.09.30"]
[SourceQuality "1"]

1. d4 Nf6 2. Nf3 g6 3. g3 Bg7 4. Bg2 0-0 5. 0-0 d6 6. Nc3 d5 7. Re1 Ne4 8. Nxe4 dxe4 9. Ng5 Qxd4 10. Nxe4 c6 11. Bg5 Re8 12. Qxd4 Bxd4 13. Red1 Bb6 14. a4 Na6 15. c3 Bf5 16. a5 Bc7 17. Be3 Be6 18. b4 Bd5 19. b5 Nb8 20. b6 axb6 21. axb6 Rxa1 22. Rxa1 Bd8 23. Ra7 c5 24. Nf6+ exf6 25. Bxd5 Nd7 26. Rxb7 Re7 27. Bc6 Nxb6 28. Rb8 1-0

[Event "Budapest Vezerkepzo GM Mix"]
[Site "Budapest"]
[Date "2021.06.24"]
[Round "1"]
[White "Egresi, Mate"]
[Black "Reviczki, Roland"]
[Result "1-0"]
[WhiteElo "2383"]
[BlackElo "2104"]
[PlyCount "87"]
[EventDate "2021.06.24"]
[EventType "swiss"]
[EventRounds "10"]
[EventCountry "HUN"]
[SourceTitle "CBM 203 Extra"]
[Source "ChessBase"]
[SourceDate "2021.09.30"]
[SourceVersion "1"]
[SourceVersionDate "2021.09.30"]
[SourceQuality "1"]

1. d4 Nf6 2. c4 g6 3. Nc3 Bg7 4. e4 d6 5. Nf3 0-0 6. Be2 e5 7. 0-0 Nc6 8. d5 Ne7 9. Ne1 Nd7 10. Be3 f5 11. f3 f4 12. Bf2 g5 13. a4 a5 14. Nd3 b6 15. b4 axb4 16. Nxb4 Nf6 17. Be1 h5 18. Nb5 g4 19. Nc6 Nxc6 20. dxc6 Be6 21. a5 bxa5 22. Rxa5 Rxa5 23. Bxa5 Rf7 24. Qd2 g3 25. h3 Bf8 26. Rb1 Ne8 27. Na7 Rg7 28. Qc2 Qh4 29. Bf1 Nf6 30. Rb7 Bxh3 31. gxh3 g2 32. Bxg2 d5 33. Rb8 dxe4 34. Bb4 Nh7 35. Qxe4 Qg3 36. Qd5+ Kh8 37. Qd2 Ng5 38. Rxf8+ Kh7 39. Kf1 Nxh3 40. Qc2+ e4 41. Qxe4+ Rg6 42. Rf7+ Kh6 43. Bf8+ Kg5 44. Qxg6+ 1-0

[Event "HUN-ch rapid"]
[Site "Ajka"]
[Date "2020.07.17"]
[Round "1"]
[White "Balogh, Csaba"]
[Black "Reviczki, Roland"]
[Result "1-0"]
[WhiteElo "2580"]
[BlackElo "2095"]
[PlyCount "59"]
[EventDate "2020.07.17"]
[EventType "swiss (rapid)"]
[EventRounds "13"]
[EventCountry "HUN"]
[SourceTitle "CBM 197 Extra"]
[Source "ChessBase"]
[SourceDate "2020.09.30"]
[SourceVersion "1"]
[SourceVersionDate "2020.09.30"]
[SourceQuality "1"]

1. e4 c5 2. Nf3 Nc6 3. Bb5 g6 4. Bxc6 dxc6 5. d3 Bg7 6. h3 Nf6 7. Nc3 0-0 8. Bf4 Nd7 9. Qd2 e5 10. Bh6 Qc7 11. 0-0 Re8 12. Bxg7 Kxg7 13. Nh2 Nf8 14. f4 exf4 15. Rxf4 Ne6 16. Rf2 Nd4 17. Raf1 Be6 18. Nd1 Rad8 19. Ne3 h5 20. c3 Nb5 21. Nf5+ Kg8 22. Qh6 Qe5 23. Nf3 Qh8 24. Qg5 Bxf5 25. exf5 Rd5 26. Nh4 Qg7 27. c4 f6 28. Qxg6 Qxg6 29. fxg6 Rd4 30. Nf5 1-0

[Event "HUN-chT U18"]
[Site "Zalakaros"]
[Date "2018.07.28"]
[Round "6.5"]
[White "Reviczki, Roland"]
[Black "Pribelszky, Bence"]
[Result "1-0"]
[WhiteElo "1931"]
[BlackElo "2206"]
[PlyCount "71"]
[EventDate "2018.07.26"]
[EventType "team-swiss"]
[EventRounds "7"]
[EventCountry "HUN"]
[SourceTitle "CBM 185 Extra"]
[Source "ChessBase"]
[SourceDate "2018.07.29"]
[SourceVersion "1"]
[SourceVersionDate "2018.07.29"]
[SourceQuality "1"]
[WhiteTeam "Szentendre"]
[BlackTeam "Miskolc KisBocsok"]
[WhiteTeamCountry "HUN"]
[BlackTeamCountry "HUN"]

1. e4 c5 2. Nf3 e6 3. d4 cxd4 4. Nxd4 Nc6 5. Nb5 d6 6. c4 Nf6 7. N1c3 a6 8. Nd4 Qa5 9. Nb3 Qc7 10. f4 Be7 11. Be3 0-0 12. Qf3 b6 13. Rc1 Nb8 14. g4 Bb7 15. Bg2 Nfd7 16. Qe2 Bh4+ 17. Kf1 Be7 18. h4 Nc5 19. g5 Nc6 20. Nd4 Nxd4 21. Bxd4 b5 22. f5 exf5 23. exf5 Bxg2+ 24. Qxg2 Nd3 25. Nd5 Qd7 26. Nf6+ Bxf6 27. gxf6 Qxf5+ 28. Kg1 g6 29. Rf1 Qh5 30. cxb5 axb5 31. Rh3 Ne5 32. Bxe5 Qxe5 33. Qd2 Rxa2 34. Qh6 Qd4+ 35. Kh1 Qe4+ 36. Rhf3 1-0